The decline of the muslim ummah : muslim inthe 21st century Sorrows & Sufferings (Record no. 62757)

000 -LEADER
fixed length control field 00588nam a22001937a 4500
003 - CONTROL NUMBER IDENTIFIER
control field NUST - PNEC
005 - DATE AND TIME OF LATEST TRANSACTION
control field 20170116180756.0
008 - FIXED-LENGTH DATA ELEMENTS--GENERAL INFORMATION
fixed length control field 150406b xxu||||| |||| 00| 0 eng d
020 ## - INTERNATIONAL STANDARD BOOK NUMBER
International Standard Book Number 9698854002
040 ## - CATALOGING SOURCE
Transcribing agency LIBRARY
082 ## - DEWEY DECIMAL CLASSIFICATION NUMBER
Classification number 297 HUS
100 ## - MAIN ENTRY--PERSONAL NAME
9 (RLIN) 2107
Personal name Hussain Iqbal S.
245 ## - TITLE STATEMENT
Title The decline of the muslim ummah : muslim inthe 21st century Sorrows & Sufferings
Statement of responsibility, etc. Iqbal S. Hussain
250 ## - EDITION STATEMENT
Edition statement -
260 ## - PUBLICATION, DISTRIBUTION, ETC.
Place of publication, distribution, etc. Lahore, London
Name of publisher, distributor, etc. Humanity Internation Publishers and Promoters
Date of publication, distribution, etc. c2004.
300 ## - PHYSICAL DESCRIPTION
Extent 467 p. :
650 ## - SUBJECT ADDED ENTRY--TOPICAL TERM
9 (RLIN) 2108
Topical term or geographic name entry element Ummah ( Islam )
General subdivision General
942 ## - ADDED ENTRY ELEMENTS (KOHA)
Source of classification or shelving scheme
Koha item type Book
Holdings
Withdrawn status Lost status Source of classification or shelving scheme Damaged status Not for loan Permanent Location Current Location Shelving location Date acquired Source of acquisition Cost, normal purchase price Total Checkouts Full call number Barcode Date last seen Cost, replacement price Price effective from Koha item type
          Pakistan Navy Engineering College (PNEC) Pakistan Navy Engineering College (PNEC)   07/08/2005 NUST Recurring A/c 600.00   297 HUS PNECLIB-026967 04/06/2015 600.00 07/08/2005 Book
© 2023 Central Library, National University of Sciences and Technology. All Rights Reserved.